Taylor Swift - Paroles Peter - Statistiques

Statistiques générales
  • Ce quiz a été pris 180 fois
  • Le résultat moyen est 353 sur 428
Statistiques - réponses
Hint Réponse % Correct
I
100%
Peter
98%
Peter,
98%
a
97%
A
97%
for
97%
The
97%
the
97%
me
96%
Refrain You
96%
you
96%
But
94%
but
94%
who
94%
come
93%
Couplet 1 Forgive
93%
we
93%
We
93%
on
92%
to
92%
To
92%
Bridge | Pré-refrain And
91%
and
91%
said
91%
Said
91%
were
91%
when
91%
When
91%
grow
90%
that
90%
gonna
89%
men
89%
up
89%
Is
88%
is
88%
of
88%
lost
86%
Lost
86%
find
85%
My
85%
Then
85%
it
84%
never
83%
your
83%
get
82%
did
81%
just
81%
know
81%
tried
81%
from
80%
fearless
79%
keep
79%
leader
79%
deep
78%
hold
78%
life
78%
mine
78%
oceans
78%
you'd
78%
by
77%
do
77%
has
77%
light
77%
please
77%
turned
77%
window
77%
kids
76%
She
76%
she
76%
was
76%
woman
76%
days
74%
Words
74%
all
73%
25
71%
promises,
71%
In
70%
mouths
70%
Oh,
70%
burn
69%
let
69%
love's
69%
now
69%
out
69%
perspective
69%
sits
69%
something
69%
boys
68%
Cause
68%
chapter
68%
didn't
68%
goodbye
68%
Tell
68%
timing
68%
waited
68%
want
68%
confess
67%
learned
67%
lying
67%
As
66%
earned
66%
feeling
66%
lamp
66%
Couplet 2 Are
65%
goddess
65%
moon
65%
return
65%
galaxies
64%
Than
64%
With
64%
won't
64%
easier
63%
ground
63%
hoped
63%
always
61%
best
61%
could
61%
different
61%
feet
61%
same
61%
babes
60%
Once
60%
thought
60%
down
59%
found
59%
us
59%
trying
58%
reader?
57%
underneath
57%
mind
56%
ribs
56%
I've
54%
natural
54%
onto
54%
still
53%
expired
52%
like
52%
around
51%
things
51%
both
50%
stealer
49%
stream
49%
jet
48%
great
47%
heard
47%
sometimes
46%
those
46%
fantasies
45%
Preserved
45%
scene
45%
hang
44%
gets
42%
masqueraded
42%
closets
41%
crossing
41%
beguiling
39%
cedar
39%
shelf
35%
Aucun quiz correspondant
Distribution des résultats
% des personnes avec chaque résultat
Percentile par nombre de réponses
Votre historique - résultats
Vous n’avez pas pris ce quiz